[Event "Marienbad Open 2022 - C FIDE Open"]
[Site "Continental hotel, Marianske Lazne"]
[Date "2022.01.18"]
[Round "4"]
[Board "9"]
[White "Peglau, Dora"]
[Black "Skokan, Frantisek"]
[Result "1-0"]
[WhiteElo "1926"]
[BlackElo "1840"]
[PlyCount "85"]
[EventDate "2022.01.15"]
[EventRounds "9"]
[EventCountry "CZE"]

1. d4 Nf6 2. c4 g6 3. f3 d5 4. cxd5 Nxd5 5. e4 Nb6 6. Nc3 Bg7 7. Be3 O-O 8. Qd2
Nc6 9. O-O-O e5 10. d5 Nd4 11. f4 c5 12. fxe5 Bxe5 13. Nf3 Nxf3 14. gxf3 Re8
15. Bxc5 Qf6 16. Be2 Bd7 17. Bd4 Rac8 18. Bxe5 Qxe5 19. Qd4 Qf4+ 20. Kb1 f5 21.
h4 fxe4 22. fxe4 Na4 23. Bd3 Nc5 24. h5 Qe5 25. Qe3 Bf5 26. hxg6 Nxd3 27. gxh7+
Kh8 28. Qxd3 Bxe4 29. Nxe4 Qxe4 30. Qxe4 Rxe4 31. Rc1 Rce8 32. Rc7 R4e7 33.
Rxe7 Rxe7 34. Rh5 Rc7 35. b3 a6 36. Kb2 Rc5 37. a3 b5 38. b4 Rc4 39. Rh6 Rd4
40. Rxa6 Kxh7 41. Rc6 Rxd5 42. Rc5 Rd2+ 43. Kc3  1-0

[Event "Marienbad Open 2022 - C FIDE Open"]
[Site "Continental hotel, Marianske Lazne"]
[Date "2022.01.18"]
[Round "4"]
[Board "10"]
[White "Zeleznik, Ondrej"]
[Black "Van Herck, Marcel"]
[Result "0-1"]
[WhiteElo "1132"]
[BlackElo "1983"]
[PlyCount "78"]
[EventDate "2022.01.15"]
[EventRounds "9"]
[EventCountry "CZE"]

1. e4 c6 2. d4 d5 3. e5 c5 4. c3 Nc6 5. Nf3 Bg4 6. Be2 e6 7. O-O Bxf3 8. Bxf3
cxd4 9. cxd4 Qb6 10. Qb3 Qxb3 11. axb3 Nxd4 12. Be3 Nc6 13. Rc1 Nh6 14. Nc3 a6
15. Nb5 Kd7 16. Rd1 Rc8 17. Na7 Nxa7 18. Bxa7 Be7 19. Rac1 Rxc1 20. Rxc1 Bg5
21. Rc2 Rc8 22. Rxc8 Kxc8 23. Bc5 Bf4 24. Bd6 Nf5 25. g3 Bc1 26. Ba3 Nd4 27.
Bd1 Nc6 28. f4 b5 29. b4 a5 30. bxa5 b4 31. Bxb4 Nxb4 32. b3 Kb7 33. Kf1 Ka6
34. Be2+ Kxa5 35. Ke1 Be3 36. Kd1 d4 37. Bc4 d3 38. Bxd3 Nxd3 39. Ke2 Bxf4  0-1

[Event "Marienbad Open 2022 - C FIDE Open"]
[Site "Continental hotel, Marianske Lazne"]
[Date "2022.01.18"]
[Round "5"]
[Board "1"]
[White "Kolbus, Dietmar"]
[Black "Froeyman, Helmut"]
[Result "1-0"]
[WhiteElo "2301"]
[BlackElo "2301"]
[PlyCount "87"]
[EventDate "2022.01.15"]
[EventRounds "9"]
[EventCountry "CZE"]

1. c4 f5 2. Nf3 Nf6 3. g3 g6 4. b3 Bg7 5. Bb2 O-O 6. Bg2 d6 7. d4 Ne4 8. Nbd2
Nc6 9. O-O e5 10. d5 Nxd2 11. Nxd2 Ne7 12. e3 a5 13. Qc2 g5 14. f4 Ng6 15. Rf2
b6 16. Raf1 Qe7 17. fxe5 Nxe5 18. h3 Bd7 19. Kh1 Rae8 20. e4 f4 21. gxf4 gxf4
22. Rxf4 Rxf4 23. Rxf4 Qg5 24. Rf1 Qh5 25. Qc3 Kh8 26. Qe3 Rg8 27. Nf3 Bf6 28.
Qf4 Bg7 29. Qg5 Qe8 30. Nxe5 dxe5 31. Rf6 Qe7 32. Bxe5 Re8 33. Bd4 Bxh3 34. Kh2
Bd7 35. Qf4 Qd8 36. e5 Rg8 37. e6 Be8 38. Be5 Qe7 39. Be4 Bh5 40. Bxh7 Re8 41.
Qh4 Bxf6 42. Bxf6+ Qxf6 43. Qxf6+ Kxh7 44. Qh4  1-0

[Event "Marienbad Open 2022 - C FIDE Open"]
[Site "Continental hotel, Marianske Lazne"]
[Date "2022.01.18"]
[Round "5"]
[Board "2"]
[White "Goossens, Hanne"]
[Black "Gorkiewicz, Mateusz"]
[Result "1-0"]
[WhiteElo "2133"]
[BlackElo "2028"]
[PlyCount "125"]
[EventDate "2022.01.15"]
[EventRounds "9"]
[EventCountry "CZE"]

1. e4 e5 2. Nf3 Nc6 3. Bc4 Nf6 4. d3 Be7 5. O-O O-O 6. Re1 d6 7. a4 Na5 8. Ba2
c5 9. c3 Nc6 10. Na3 h6 11. h3 Nh7 12. Nc2 Be6 13. Bxe6 fxe6 14. b4 cxb4 15.
cxb4 Ng5 16. Nxg5 Bxg5 17. b5 Nd4 18. Nxd4 exd4 19. Ba3 Qf6 20. Rf1 Rad8 21.
Ra2 e5 22. Qb3+ Qf7 23. Qxf7+ Kxf7 24. g3 Ke6 25. h4 Be7 26. Rc1 Rc8 27. Rac2
Rxc2 28. Rxc2 Rf3 29. Rd2 g5 30. Kg2 g4 31. Kf1 Bd8 32. Ke2 Ba5 33. Rc2 Bc3 34.
Bb2 Bxb2 35. Rxb2 d5 36. b6 a6 37. exd5+ Kxd5 38. Rc2 e4 39. dxe4+ Kxe4 40. Rc7
Rb3 41. Re7+ Kd5 42. Rxb7 Kc6 43. Rh7 Kxb6 44. Rxh6+ Kc5 45. Rxa6 Rb2+ 46. Kd3
Rxf2 47. Ra5+ Kb4 48. Rg5 Rf3+ 49. Kxd4 Rxg3 50. a5 Ra3 51. h5 g3 52. h6 g2 53.
Rxg2 Rh3 54. Rg6 Kxa5 55. Ke5 Rb3 56. h7 Rb5+ 57. Kf6 Rb6+ 58. Kg7 Rb7+ 59. Kh6
Rb8 60. Rg8 Rb6+ 61. Kg5 Rb5+ 62. Kf4 Rb4+ 63. Ke3  1-0

[Event "Marienbad Open 2022 - C FIDE Open"]
[Site "Continental hotel, Marianske Lazne"]
[Date "2022.01.18"]
[Round "5"]
[Board "3"]
[White "Balje, Jan"]
[Black "Vantuch, Lucian"]
[Result "1-0"]
[WhiteElo "2198"]
[BlackElo "1997"]
[PlyCount "51"]
[EventDate "2022.01.15"]
[EventRounds "9"]
[EventCountry "CZE"]

1. d4 Nf6 2. c4 g6 3. g3 Bg7 4. Bg2 O-O 5. Nf3 d6 6. O-O c5 7. dxc5 dxc5 8. Ne5
Qc7 9. Nd3 e5 10. Be3 Na6 11. Nc3 Ng4 12. Nd5 Qd6 13. Bg5 f6 14. Bd2 f5 15. e4
Rb8 16. Bc3 Nc7 17. h3 Nh6 18. Nxc5 f4 19. Nd3 Nxd5 20. cxd5 Rf7 21. Rc1 g5 22.
Qh5 f3 23. Bxf3 Bxh3 24. Bg2 Bxg2 25. Kxg2 Qe7 26. Bd2  1-0

[Event "Marienbad Open 2022 - C FIDE Open"]
[Site "Continental hotel, Marianske Lazne"]
[Date "2022.01.18"]
[Round "5"]
[Board "4"]
[White "Nytra, Ondrej"]
[Black "Peglau, Dora"]
[Result "1-0"]
[WhiteElo "2146"]
[BlackElo "1926"]
[PlyCount "95"]
[EventDate "2022.01.15"]
[EventRounds "9"]
[EventCountry "CZE"]

1. e4 c5 2. Nf3 e6 3. d4 cxd4 4. Nxd4 a6 5. Nc3 b5 6. Bd3 Bb7 7. O-O Nc6 8.
Nxc6 Bxc6 9. e5 d6 10. f4 Qc7 11. Qg4 dxe5 12. fxe5 Qxe5 13. Bg5 Be7 14. Bf4
Qd4+ 15. Kh1 Nf6 16. Qh3 O-O 17. Rae1 h6 18. Re3 Qc5 19. Re5 Qb4 20. a3 Qd4 21.
Re3 Qc5 22. Be5 Nd7 23. Bxg7 Kxg7 24. b4 Qg5 25. Rg3 Ne5 26. Rxg5+ Bxg5 27. Be4
Rac8 28. Qg3 Ng6 29. Bxc6 Rxc6 30. Ne4 Be7 31. Qf2 Rc4 32. Ng3 Ne5 33. Qa7 Bg5
34. Qxa6 Rxc2 35. Qxb5 Nc4 36. a4 Ne3 37. Rg1 Ra8 38. a5 Nd5 39. Qb7 Rac8 40.
Ne4 Be7 41. b5 R2c4 42. b6 R8c6 43. Nd2 Rc3 44. Nf3 Bd6 45. Qd7 Bb8 46. Nd4 Rd6
47. Qb7 Nf6 48. Nb5  1-0

[Event "Marienbad Open 2022 - C FIDE Open"]
[Site "Continental hotel, Marianske Lazne"]
[Date "2022.01.18"]
[Round "5"]
[Board "5"]
[White "Paseka, Matyas"]
[Black "Peglau, Charis"]
[Result "1-0"]
[WhiteElo "2052"]
[BlackElo "1818"]
[PlyCount "47"]
[EventDate "2022.01.15"]
[EventRounds "9"]
[EventCountry "CZE"]

1. e4 e6 2. d4 d5 3. Nd2 c5 4. exd5 Qxd5 5. Ngf3 cxd4 6. Bc4 Qd6 7. O-O Nf6 8.
Nb3 Nc6 9. Nbxd4 Nxd4 10. Nxd4 Be7 11. c3 O-O 12. Qe2 Bd7 13. Bg5 Qc5 14. Be3
Qc7 15. h3 Rac8 16. Bb3 Rfd8 17. Rad1 b6 18. Rfe1 Qb7 19. Bg5 h6 20. Nf5 Kf8
21. Bxf6 gxf6 22. Qh5 Bc6 23. Qxh6+ Ke8 24. Ng7+  1-0

[Event "Marienbad Open 2022 - C FIDE Open"]
[Site "Continental hotel, Marianske Lazne"]
[Date "2022.01.18"]
[Round "5"]
[Board "6"]
[White "Laith, Kasib"]
[Black "Kastner, Jan"]
[Result "1/2-1/2"]
[WhiteElo "2020"]
[BlackElo "2001"]
[PlyCount "104"]
[EventDate "2022.01.15"]
[EventRounds "9"]
[EventCountry "CZE"]

1. e4 e6 2. d3 d5 3. Nd2 c6 4. Ngf3 Nd7 5. g3 Ne7 6. Bg2 Ng6 7. Qe2 Be7 8. O-O
b6 9. Re1 Bb7 10. Nf1 c5 11. e5 Rc8 12. h4 h6 13. N1h2 Nb8 14. c3 Nc6 15. Ng4
Nf8 16. Nd2 h5 17. Nh2 g5 18. hxg5 Bxg5 19. f4 Be7 20. Bh3 Kd7 21. Ndf3 Kc7 22.
d4 Rg8 23. Kf2 cxd4 24. Nxd4 Nxd4 25. cxd4 h4 26. g4 f6 27. exf6 Bxf6 28. Nf3
Qd6 29. Bd2 Re8 30. Rac1+ Kb8 31. Qb5 Nh7 32. Qb4 Qd7 33. Ne5 Bxe5 34. dxe5 Ka8
35. Qd4 Qf7 36. Ke3 Ref8 37. Bb4 Rc8 38. Kd2 Rxc1 39. Rxc1 Rc8 40. Rxc8+ Bxc8
41. Ke3 Nf8 42. Qc3 Kb7 43. Bxf8 Qxf8 44. g5 Qf7 45. Bf1 Qf5 46. Ba6+ Kxa6 47.
Qxc8+ Kb5 48. a4+ Kb4 49. Qc3+ Kxa4 50. Qa3+ Kb5 51. Qb3+ Kc6 52. Qa4+ Kb7
 1/2-1/2

[Event "Marienbad Open 2022 - C FIDE Open"]
[Site "Continental hotel, Marianske Lazne"]
[Date "2022.01.18"]
[Round "5"]
[Board "7"]
[White "Azhar, Puteri Munajjah Az-Zahraa"]
[Black "Azhar, Puteri Rifqah Fahada"]
[Result "1/2-1/2"]
[WhiteElo "2052"]
[BlackElo "1939"]
[PlyCount "62"]
[EventDate "2022.01.15"]
[EventRounds "9"]
[EventCountry "CZE"]

1. d4 Nf6 2. Nf3 e6 3. Bf4 d5 4. e3 Bd6 5. Bg3 Bxg3 6. hxg3 c5 7. c3 cxd4 8.
exd4 O-O 9. Bd3 h6 10. O-O b6 11. Ne5 Qc7 12. Nd2 Nc6 13. Nxc6 Qxc6 14. Nf3 Qc7
15. Ne5 Nd7 16. Nxd7 Bxd7 17. Qb3 Rac8 18. Bb5 Bxb5 19. Qxb5 Qc6 20. Qxc6 Rxc6
21. Rfe1 Rc7 22. Re2 Rfc8 23. f4 Rd7 24. Kf2 Rdc7 25. Ke3 Rd7 26. Rf2 f5 27.
Kd3 Kf7 28. Re2 Rd6 29. Rh1 Rc7 30. Rhe1 g6 31. Rh1 h5  1/2-1/2

[Event "Marienbad Open 2022 - C FIDE Open"]
[Site "Continental hotel, Marianske Lazne"]
[Date "2022.01.18"]
[Round "5"]
[Board "8"]
[White "Van Herck, Marcel"]
[Black "Hubka, Roland"]
[Result "1/2-1/2"]
[WhiteElo "1983"]
[BlackElo "1921"]
[PlyCount "56"]
[EventDate "2022.01.15"]
[EventRounds "9"]
[EventCountry "CZE"]

1. e4 e6 2. d4 d5 3. Nc3 Bb4 4. Nge2 dxe4 5. a3 Be7 6. Nxe4 Nf6 7. Qd3 b6 8.
Qf3 Nxe4 9. Qxe4 Qd5 10. Nc3 Qxe4+ 11. Nxe4 Bb7 12. f3 Nd7 13. Bf4 Rc8 14.
O-O-O O-O 15. Bb5 Rfd8 16. Rhe1 Nf6 17. Bg5 Nd5 18. Bxe7 Nxe7 19. Bf1 h6 20. c3
a5 21. f4 Nf5 22. g3 Bd5 23. Bd3 Nd6 24. Nxd6 cxd6 25. Be4 Bxe4 26. Rxe4 d5 27.
Re5 b5 28. Kc2 Rc6  1/2-1/2

[Event "Marienbad Open 2022 - C FIDE Open"]
[Site "Continental hotel, Marianske Lazne"]
[Date "2022.01.18"]
[Round "5"]
[Board "9"]
[White "Buchta, Bartolomej"]
[Black "Stojkovic, Andreja"]
[Result "1/2-1/2"]
[WhiteElo "1901"]
[BlackElo "1925"]
[PlyCount "55"]
[EventDate "2022.01.15"]
[EventRounds "9"]
[EventCountry "CZE"]

1. e4 c5 2. Nf3 Nf6 3. e5 Nd5 4. Nc3 e6 5. Nxd5 exd5 6. d4 Nc6 7. dxc5 Bxc5 8.
Qxd5 Qb6 9. Bc4 Bxf2+ 10. Ke2 O-O 11. Rf1 Bc5 12. Ng5 Nd4+ 13. Kd1 Ne6 14. Ne4
d6 15. exd6 Rd8 16. Bd3 Bxd6 17. Qh5 f5 18. Nxd6 Qxd6 19. Qxf5 Qxh2 20. Qf7+
Kh8 21. Bg5 Rg8 22. Be3 Qxg2 23. Rf2 Qg4+ 24. Kd2 Qb4+ 25. Ke2 Qg4+ 26. Kd2
Qb4+ 27. Ke2 Qg4+ 28. Kd2  1/2-1/2

[Event "Marienbad Open 2022 - C FIDE Open"]
[Site "Continental hotel, Marianske Lazne"]
[Date "2022.01.18"]
[Round "5"]
[Board "10"]
[White "Svizensky, Lubos"]
[Black "Lang, Simon"]
[Result "0-1"]
[WhiteElo "1935"]
[BlackElo "1701"]
[PlyCount "98"]
[EventDate "2022.01.15"]
[EventRounds "9"]
[EventCountry "CZE"]

1. d4 d5 2. Nf3 Nf6 3. c4 e6 4. Nc3 Be7 5. Bf4 O-O 6. c5 b6 7. b4 a5 8. a3 Ne4
9. Qc1 axb4 10. axb4 Rxa1 11. Qxa1 Nc6 12. Qb2 bxc5 13. bxc5 Ba6 14. e3 Bxf1
15. Rxf1 Qa8 16. Bxc7 Bd8 17. Bxd8 Rxd8 18. Nxe4 dxe4 19. Nd2 Rb8 20. Qc3 Qa6
21. Qc4 Qa3 22. Nxe4 Rb2 23. Nd2 Na5 24. Qc1 Qb4 25. Ke2 Ra2 26. Kd1 Nb3 27.
Nxb3 Qxb3+ 28. Ke1 Rc2 29. Qxc2 Qxc2 30. f4 Qxg2 31. Rf2 Qe4 32. Kd2 Kf8 33.
Re2 Ke7 34. Re1 f6 35. Rg1 g6 36. h4 Kd7 37. Rc1 Kc6 38. Ra1 Kb7 39. Rc1 h6 40.
Rg1 Qf5 41. Rg3 g5 42. hxg5 fxg5 43. Rf3 g4 44. Rf1 h5 45. Ke1 g3 46. Ke2 h4
47. Kf3 Qh5+ 48. Kg2 Qe2+ 49. Kg1 Qh2#  0-1

[Event "Marienbad Open 2022 - C FIDE Open"]
[Site "Continental hotel, Marianske Lazne"]
[Date "2022.01.19"]
[Round "6"]
[Board "1"]
[White "Goossens, Hanne"]
[Black "Kolbus, Dietmar"]
[Result "1/2-1/2"]
[WhiteElo "2133"]
[BlackElo "2301"]
[PlyCount "92"]
[EventDate "2022.01.15"]
[EventRounds "9"]
[EventCountry "CZE"]

1. e4 e6 2. d4 d5 3. Nd2 dxe4 4. Nxe4 Bd7 5. Nf3 Bc6 6. Bd3 Bxe4 7. Bxe4 c6 8.
O-O Nf6 9. Bd3 Nbd7 10. Qe2 Qc7 11. Ne5 Nxe5 12. dxe5 Nd7 13. Re1 Nc5 14. c4
Nxd3 15. Qxd3 Bb4 16. Rd1 O-O 17. Qg3 Rfd8 18. Bg5 Rd7 19. Rxd7 Qxd7 20. Qb3
Bf8 21. Rd1 Qc7 22. Qc3 h6 23. Bh4 g5 24. Bg3 Rd8 25. Qc2 Rxd1+ 26. Qxd1 Bg7
27. Qe2 Qd8 28. h3 Qd4 29. b3 a6 30. Kh2 Kf8 31. a4 Qc3 32. Qd1 Bxe5 33. Qd8+
Kg7 34. Qb6 Bxg3+ 35. fxg3 e5 36. Qxb7 e4 37. Qxc6 e3 38. Qe4 Qd2 39. Qe5+ Kg6
40. Qe4+ Kf6 41. g4 e2 42. Qf5+ Ke7 43. Qe5+ Kd7 44. Qf5+ Kc6 45. Qc8+ Kb6 46.
a5+ Ka7  1/2-1/2

[Event "Marienbad Open 2022 - C FIDE Open"]
[Site "Continental hotel, Marianske Lazne"]
[Date "2022.01.19"]
[Round "6"]
[Board "2"]
[White "Balje, Jan"]
[Black "Nytra, Ondrej"]
[Result "0-1"]
[WhiteElo "2198"]
[BlackElo "2146"]
[PlyCount "80"]
[EventDate "2022.01.15"]
[EventRounds "9"]
[EventCountry "CZE"]

1. d4 d5 2. c4 e6 3. Nf3 c6 4. Nc3 dxc4 5. e3 b5 6. a4 Bb4 7. Bd2 a5 8. axb5
Bxc3 9. Bxc3 cxb5 10. b3 Bb7 11. bxc4 b4 12. Bb2 Nf6 13. c5 O-O 14. Bb5 Qc7 15.
O-O Nbd7 16. Ba4 Ng4 17. g3 f5 18. Nd2 Ndf6 19. Qb3 Bd5 20. Qd3 Nh5 21. Nc4
Nxh2 22. Kxh2 Rf6 23. Nb6 Nxg3 24. Nxd5 Nxf1+ 25. Kg2 exd5 26. Kxf1 g5 27. Bb3
Qc6 28. e4 fxe4 29. Qxe4 Qb5+ 30. Kg2 Kh8 31. Qxd5 Raf8 32. Qe5 Qd3 33. Bd5 Qc2
34. Bc1 Qxf2+ 35. Kh1 Qf1+ 36. Kh2 h6 37. Ra2 g4 38. Bxh6 Kh7 39. Bg2 Rxh6+ 40.
Kg3 Qd3+  0-1

[Event "Marienbad Open 2022 - C FIDE Open"]
[Site "Continental hotel, Marianske Lazne"]
[Date "2022.01.19"]
[Round "6"]
[Board "3"]
[White "Froeyman, Helmut"]
[Black "Paseka, Matyas"]
[Result "1-0"]
[WhiteElo "2301"]
[BlackElo "2052"]
[PlyCount "139"]
[EventDate "2022.01.15"]
[EventRounds "9"]
[EventCountry "CZE"]

1. e4 c5 2. Nf3 d6 3. d4 cxd4 4. Nxd4 Nf6 5. Nc3 a6 6. Be2 e5 7. Nb3 Be7 8. O-O
O-O 9. Be3 Be6 10. Nd5 Nbd7 11. Qd3 Bxd5 12. exd5 Ne8 13. Qd2 f5 14. g3 Nef6
15. f3 b6 16. c4 a5 17. Rae1 Nc5 18. Qd1 Nfd7 19. Bf2 Nxb3 20. Qxb3 Nc5 21. Qc2
Qd7 22. b3 f4 23. g4 e4 24. Bxc5 exf3 25. Bd3 Qxg4+ 26. Kh1 Bh4 27. Rg1 f2 28.
Bxf2 Qf3+ 29. Rg2 Bxf2 30. Bxh7+ Kh8 31. Qxf2 Qxf2 32. Rxf2 Kxh7 33. Re6 Rad8
34. Kg2 g5 35. Kf3 Rg8 36. Rfe2 Rg6 37. Re7+ Kh6 38. Rf7 Rdg8 39. Kg4 R8g7 40.
Rf5 Rg8 41. Re7 R8g7 42. Re2 Rg8 43. h3 Kh7 44. Re6 Rh6 45. Rxg5 Rf8 46. Rf5
Rxf5 47. Kxf5 Rxe6 48. dxe6 f3 49. e7 f2 50. e8=Q f1=Q+ 51. Ke6 Qxh3+ 52. Kxd6
Qh2+ 53. Kc6 Qxa2 54. Qe4+ Kg8 55. Qg4+ Kh7 56. Qh3+ Kg6 57. Qg3+ Kf7 58. Kxb6
Qa3 59. Qc7+ Kg6 60. Qc6+ Kf7 61. Qb7+ Ke6 62. Qc6+ Kf7 63. Qb5 Qd6+ 64. Ka7
Qd4+ 65. c5 Qe3 66. Qb6 Kg8 67. c6 Qe7+ 68. c7 Kh7 69. Qb7 Qc5+ 70. Ka8  1-0

[Event "Marienbad Open 2022 - C FIDE Open"]
[Site "Continental hotel, Marianske Lazne"]
[Date "2022.01.19"]
[Round "6"]
[Board "4"]
[White "Vantuch, Lucian"]
[Black "Laith, Kasib"]
[Result "0-1"]
[WhiteElo "1997"]
[BlackElo "2020"]
[PlyCount "64"]
[EventDate "2022.01.15"]
[EventRounds "9"]
[EventCountry "CZE"]

1. e4 d6 2. g3 g6 3. Bg2 Bg7 4. d4 Nf6 5. c4 O-O 6. Nc3 e5 7. d5 a5 8. Nge2 Na6
9. O-O Nc5 10. h3 Ne8 11. Be3 f5 12. Kh2 f4 13. gxf4 exf4 14. Bxc5 f3 15. Bxf3
Rxf3 16. Ng1 Be5+ 17. Kg2 Rxc3 18. bxc3 Qg5+ 19. Kh1 Qf4 20. Nf3 dxc5 21. Nxe5
Qxe5 22. Qd3 Nf6 23. Rae1 Nh5 24. Qe3 Nf4 25. h4 b6 26. Rg1 h6 27. Rg3 Bd7 28.
Reg1 Kh7 29. Rf3 Rf8 30. Rgg3 g5 31. hxg5 hxg5 32. Rg1 g4  0-1

[Event "Marienbad Open 2022 - C FIDE Open"]
[Site "Continental hotel, Marianske Lazne"]
[Date "2022.01.19"]
[Round "6"]
[Board "5"]
[White "Hubka, Roland"]
[Black "Azhar, Puteri Munajjah Az-Zahraa"]
[Result "0-1"]
[WhiteElo "1921"]
[BlackElo "2052"]
[PlyCount "84"]
[EventDate "2022.01.15"]
[EventRounds "9"]
[EventCountry "CZE"]

1. Nf3 Nf6 2. c4 e6 3. g3 d5 4. b3 Be7 5. Bg2 O-O 6. O-O b6 7. Bb2 Bb7 8. d3
Nbd7 9. Nbd2 Bd6 10. Rc1 Re8 11. Re1 e5 12. cxd5 Nxd5 13. a3 a5 14. Nc4 b5 15.
Nxd6 cxd6 16. e4 N5f6 17. Re2 Qb6 18. Rec2 Rac8 19. Rxc8 Rxc8 20. Rxc8+ Bxc8
21. b4 axb4 22. axb4 Bb7 23. Qc2 Qc6 24. Ne1 Nb6 25. Qxc6 Bxc6 26. Nc2 Kf8 27.
f4 Nfd7 28. Kf2 f6 29. Ne3 g6 30. f5 Ke7 31. h4 g5 32. h5 Nb8 33. Bc3 Na6 34.
Ke2 Nc7 35. d4 Nc4 36. Nxc4 bxc4 37. d5 Ba4 38. Kd2 h6 39. Bf3 Nb5 40. Be2 Bb3
41. Bb2 Kd7 42. Bd1 c3+  0-1

[Event "Marienbad Open 2022 - C FIDE Open"]
[Site "Continental hotel, Marianske Lazne"]
[Date "2022.01.19"]
[Round "6"]
[Board "6"]
[White "Gorkiewicz, Mateusz"]
[Black "Buchta, Bartolomej"]
[Result "1-0"]
[WhiteElo "2028"]
[BlackElo "1901"]
[PlyCount "65"]
[EventDate "2022.01.15"]
[EventRounds "9"]
[EventCountry "CZE"]

1. e4 c5 2. Nf3 d6 3. d4 cxd4 4. Qxd4 Nc6 5. Bb5 Bd7 6. Bxc6 Bxc6 7. Nc3 Nf6 8.
Bg5 Nd7 9. O-O-O Qb6 10. Qd2 g6 11. Kb1 Bg7 12. Be3 Nc5 13. Bd4 O-O 14. Bxg7
Kxg7 15. Qd4+ Kg8 16. h4 Rac8 17. h5 e5 18. Qc4 Ne6 19. hxg6 hxg6 20. Qe2 Kg7
21. Rxd6 Nd4 22. Nxd4 exd4 23. Qf3 f5 24. Rxg6+ Kxg6 25. Qh5+ Kf6 26. Qxf5+ Ke7
27. Rh7+ Kd6 28. Rh6+ Kc7 29. Qe5+ Kd8 30. Qd6+ Bd7 31. Qxf8+ Kc7 32. Nd5+ Kb8
33. Nxb6  1-0

[Event "Marienbad Open 2022 - C FIDE Open"]
[Site "Continental hotel, Marianske Lazne"]
[Date "2022.01.19"]
[Round "6"]
[Board "7"]
[White "Kastner, Jan"]
[Black "Skokan, Frantisek"]
[Result "0-1"]
[WhiteElo "2001"]
[BlackElo "1840"]
[PlyCount "74"]
[EventDate "2022.01.15"]
[EventRounds "9"]
[EventCountry "CZE"]

1. d4 Nf6 2. Nf3 g6 3. e3 Bg7 4. Bd3 c5 5. c3 d5 6. Nbd2 b6 7. O-O Bb7 8. Ne5
O-O 9. a4 Nbd7 10. Nxd7 Nxd7 11. f4 Nf6 12. Nf3 Ne4 13. Bd2 Rc8 14. Be1 Qc7 15.
g3 f6 16. Kg2 e5 17. Bb1 Ba6 18. Rh1 Rcd8 19. h4 exf4 20. exf4 Rfe8 21. Bd3 Bc8
22. h5 Bg4 23. hxg6 hxg6 24. Rh4 f5 25. dxc5 bxc5 26. Qc2 Bf6 27. Rh1 Kg7 28.
Bf2 Bxf3+ 29. Kxf3 Nxf2 30. Kxf2 c4 31. Be2 d4 32. cxd4 Bxd4+ 33. Kg2 Qb7+ 34.
Bf3 Qxb2 35. Rac1 Rb8 36. Bd1 Be3 37. Kf1 c3  0-1

[Event "Marienbad Open 2022 - C FIDE Open"]
[Site "Continental hotel, Marianske Lazne"]
[Date "2022.01.19"]
[Round "6"]
[Board "8"]
[White "Peglau, Charis"]
[Black "Van Herck, Marcel"]
[Result "1/2-1/2"]
[WhiteElo "1818"]
[BlackElo "1983"]
[PlyCount "107"]
[EventDate "2022.01.15"]
[EventRounds "9"]
[EventCountry "CZE"]

1. d4 Nf6 2. c4 e6 3. Nf3 d5 4. Nc3 c5 5. Bf4 cxd4 6. Nxd4 Nc6 7. e3 Be7 8. Be2
O-O 9. O-O Nxd4 10. Qxd4 dxc4 11. Qxc4 Bd7 12. Bf3 Rc8 13. Qb3 b6 14. Rfd1 Qe8
15. Rac1 Bc6 16. Bxc6 Qxc6 17. Nd5 Qxd5 18. Rxd5 Nxd5 19. Rxc8 Rxc8 20. h3 Nxf4
21. exf4 g6 22. g3 h5 23. Kg2 Kg7 24. Qa4 Rc7 25. Qe4 Bf6 26. b3 Rd7 27. Qc2
Rd5 28. b4 a5 29. bxa5 Rxa5 30. a4 b5 31. axb5 Rxb5 32. Kf3 Rd5 33. Ke3 Rb5 34.
f3 Rd5 35. g4 Rb5 36. Qc4 Rd5 37. g5 Bxg5 38. fxg5 Rxg5 39. Qd4+ Kh7 40. Qf6
Rf5 41. Qd8 Kg7 42. Ke4 Rd5 43. Qc7 Rf5 44. h4 Rd5 45. f4 Rf5 46. Qe7 Rd5 47.
Qb7 Rf5 48. Qc7 Rd5 49. Qc3+ Kg8 50. Qb4 Kg7 51. Qb2+ Kg8 52. Qc3 Rf5 53. Qd4
Rd5 54. Qb2  1/2-1/2

[Event "Marienbad Open 2022 - C FIDE Open"]
[Site "Continental hotel, Marianske Lazne"]
[Date "2022.01.19"]
[Round "6"]
[Board "9"]
[White "Azhar, Puteri Rifqah Fahada"]
[Black "Ochedzan, Filip"]
[Result "1-0"]
[WhiteElo "1939"]
[BlackElo "1766"]
[PlyCount "105"]
[EventDate "2022.01.15"]
[EventRounds "9"]
[EventCountry "CZE"]

1. e4 c5 2. Nf3 d6 3. d4 cxd4 4. Nxd4 Nf6 5. Nc3 a6 6. Be2 e5 7. Nb3 Be7 8. Be3
Be6 9. f3 h5 10. Qd2 Nbd7 11. Nd5 Bxd5 12. exd5 Qc7 13. c4 b6 14. O-O h4 15. f4
h3 16. g3 exf4 17. Bxf4 Ne5 18. Rae1 Kf8 19. Nd4 Kg8 20. Nf5 Bf8 21. Nh6+ gxh6
22. Bxe5 dxe5 23. Rxf6 Qc5+ 24. Kh1 Be7 25. Rf5 f6 26. Ref1 Rd8 27. Qd3 Rh7 28.
Rh5 Kh8 29. Bd1 Rg8 30. Bc2 Rgg7 31. Qe2 Qd4 32. Bxh7 Kxh7 33. Rd1 Qc5 34. Qc2+
Rg6 35. Rxh3 Qc8 36. Rh5 Qg4 37. Rf5 Kg7 38. d6 Bd8 39. Rdf1 Qd4 40. Rd1 Qe3
41. Qd3 Qc5 42. h3 b5 43. cxb5 axb5 44. d7 Qb4 45. b3 Qa3 46. Rf2 Qc5 47. Rc2
Qb6 48. Kh2 Qe6 49. Rc8 e4 50. Qd4 Qf5 51. Rxd8 Rxg3 52. Rg8+ Kh7 53. Rxg3  1-0

[Event "Marienbad Open 2022 - C FIDE Open"]
[Site "Continental hotel, Marianske Lazne"]
[Date "2022.01.19"]
[Round "6"]
[Board "10"]
[White "Peglau, Dora"]
[Black "Vana, Jan"]
[Result "1/2-1/2"]
[WhiteElo "1926"]
[BlackElo "1566"]
[PlyCount "90"]
[EventDate "2022.01.15"]
[EventRounds "9"]
[EventCountry "CZE"]

1. e4 c5 2. Nf3 Nc6 3. c3 d5 4. exd5 Qxd5 5. d4 cxd4 6. cxd4 e5 7. Nc3 Bb4 8.
dxe5 Qxd1+ 9. Kxd1 Bg4 10. Bf4 Nge7 11. Be2 Ng6 12. Bg3 O-O-O+ 13. Kc1 Rhe8 14.
a3 Bxc3 15. bxc3 Ncxe5 16. Nxe5 Nxe5 17. Bxe5 Bxe2 18. Bxg7 Bc4 19. Bd4 a6 20.
Rb1 b5 21. Rb2 Kc7 22. a4 Kc6 23. a5 Re6 24. Rd1 Rdd6 25. Be3 Rxd1+ 26. Kxd1
Bd5 27. g3 Rd6 28. Rd2 Bf3+ 29. Kc2 Rxd2+ 30. Kxd2 Kd5 31. Kd3 Be4+ 32. Kd2 Bf5
33. f3 Bc8 34. g4 Bd7 35. Bf4 Bc6 36. Ke3 f6 37. g5 f5 38. h4 Be8 39. Bc7 Bf7
40. Kf4 Ke6 41. Be5 Bh5 42. Bf6 Bg6 43. Ke3 Kd5 44. Bg7 Bf7 45. Bf6 Bg6  1/2-1/2

[Event "Marienbad Open 2022 - C FIDE Open"]
[Site "Continental hotel, Marianske Lazne"]
[Date "2022.01.20"]
[Round "7"]
[Board "1"]
[White "Nytra, Ondrej"]
[Black "Goossens, Hanne"]
[Result "1-0"]
[WhiteElo "2146"]
[BlackElo "2133"]
[PlyCount "69"]
[EventDate "2022.01.15"]
[EventRounds "9"]
[EventCountry "CZE"]

1. e4 c5 2. Nf3 d6 3. d4 cxd4 4. Nxd4 Nf6 5. Nc3 Nc6 6. Be2 g6 7. O-O Bg7 8.
Nb3 O-O 9. Bg5 Be6 10. Kh1 h6 11. Bh4 Ne5 12. Nd4 Bc4 13. f4 Bxe2 14. Qxe2 Nc6
15. Nf3 Qa5 16. a3 Rac8 17. Rad1 Nh5 18. Qe3 Bxc3 19. bxc3 Qxa3 20. f5 Kh7 21.
g4 Ng7 22. f6 exf6 23. Bxf6 Ne8 24. Ng5+ Kg8 25. Qh3 h5 26. gxh5 Nxf6 27. Rxf6
Kg7 28. Rdf1 Ne5 29. hxg6 Rh8 30. Qg2 Qxc3 31. gxf7 Kf8 32. Ne6+ Ke7 33. f8=Q+
Rcxf8 34. Qg7+ Rf7 35. Rxf7+  1-0